书目信息 |
| 题名: |
永乐大典
|
|
| 作者: | 解缙 注 | |
| 分册: | ||
| 出版信息: | 北京 书目文献出版社 1983 |
|
| 页数: | 全一册 | |
| 开本: | 36*23.5cm | |
| 丛书名: | ||
| 单 册: | ||
| 中图分类: | Z224 | |
| 科图分类: | ||
| 主题词: | 百科全书--中国--明代 | |
| 电子资源: | ||
| ISBN: | ||
| 000 | 00948nam0 2200229 45 | |
| 001 | 0183012766 | |
| 005 | 20061023101120.26 | |
| 010 | @b精装@dCNY150.00 | |
| 100 | @a19960321d1983 em y0chiy0121 ea | |
| 101 | 0 | @achi |
| 102 | @aCN@b110000 | |
| 105 | @ay z 000yy | |
| 200 | 10 | @a永乐大典@f解缙注@Fjie jin zhu@Ayong le da dian@e卷三千五百十八至三千五百十九 |
| 210 | @a北京@c书目文献出版社@d1983 | |
| 215 | @a全一册@d36*23.5cm | |
| 300 | @a本书共一册,两卷为一函 | |
| 306 | @a北京图书馆最近入藏《永乐大典》一册。此册为真字韵门制类卷三五一八至三五一九,计两卷。原册全帙当为五十六页,现存三十九页零一角。过去各家均未著录,现由山东省掖县社员捐献给国家,实为文献工作的重要收获。为便于学术界整理与研究,我社决定将这一珍贵文献依原貌影印出版,册后刊以北京图书馆善本组李致忠同志所写影印本后记,以俟读者。 | |
| 606 | @a百科全书@y中国@z明代 | |
| 690 | @aZ224@v3 | |
| 701 | 0 | @a解缙@Ajie jin@4注 |
| 801 | 0 | @aCN@bTSSF@c20061023 |
| 905 | @a10447@dZ224@e16 | |
| 永乐大典/解缙注:卷三千五百十八至三千五百十九.-北京:书目文献出版社,1983 |
| 全一册;36*23.5cm |
| 本书共一册,两卷为一函 |
| ISBN (精装):CNY150.00 |
| ● |
| 相关链接 |
|
|
|
|
正题名:永乐大典
索取号:Z224/16
 
预约/预借
| 序号 | 登录号 | 条形码 | 馆藏地/架位号 | 状态 | 备注 |
| 1 | 0223426 | 202417571 | 古籍典藏专区/ [索取号:Z224/16] | 在馆 |